|
|
|
|
| LEADER |
00000nam a2200000 i 4500 |
| 001 |
DIGUCANT0160 |
| 003 |
NyNyDIG |
| 007 |
cr ||||||||||| |
| 008 |
230306s2022 sp a ob 000 0 spa d |
| 006 |
m o d |
| 035 |
|
|
|a (OCoLC)1372194412
|
| 040 |
|
|
|a DGITA
|b eng
|e rda
|e pn
|c DGITA
|
| 020 |
|
|
|a 9788417888947
|q eBook
|q pdf
|
| 020 |
|
|
|z 9788417888930
|q rústica
|
| 024 |
7 |
|
|a 10.22429/Euc2022.008
|2 doi
|
| 050 |
1 |
4 |
|a PQ6639.N3ebook
|
| 100 |
1 |
|
|a Unamuno, Miguel de,
|d 1864-1936,
|e author.
|
| 245 |
1 |
4 |
|a Las sirenas y el inquisidor :
|b "Cuaderno de La Magdalena", "Ante la sepultura del inquisidor Corro" y otros escritos de época republicana /
|c Miguel de Unamuno y Jugo ; estudio preliminar, Juan Luis Fernández Vega.
|
| 264 |
|
1 |
|a Santander :
|b Ediciones Universidad de Cantabria,
|c [2022]
|
| 300 |
|
|
|a 1 online resource :
|b illustrations.
|
| 336 |
|
|
|a text
|b txt
|2 rdacontent
|
| 337 |
|
|
|a computer
|b c
|2 rdamedia
|
| 338 |
|
|
|a online resource
|b cr
|2 rdacarrier
|
| 347 |
|
|
|a text file
|2 rdaft
|
| 347 |
|
|
|b PDF
|
| 490 |
1 |
|
|a Cantabria 4 estaciones ;
|v 66
|
| 504 |
|
|
|a Includes bibliographical references.
|
| 588 |
0 |
|
|a Online resource; title from PDF title page (Digitalia, viewed March 6, 2023)
|
| 600 |
1 |
0 |
|a Unamuno, Miguel de,
|d 1864-1936
|v Poetry
|x Philosophy.
|
| 600 |
1 |
0 |
|a Unamuno, Miguel de,
|d 1864-1936
|x Political and social views.
|
| 600 |
1 |
0 |
|a Unamuno, Miguel de,
|d 1864-1936
|x Criticism and interpretation.
|
| 700 |
1 |
|
|a Fernández Vega, Juan Luis,
|d 1962-
|e editor.
|
| 791 |
2 |
|
|a Digitalia (Firm),
|e distributor.
|
| 793 |
0 |
|
|g Digitalia eBook Collection:
|a Universidad de Cantabria
|
| 776 |
0 |
8 |
|i Print version:
|a Unamuno, Miguel de, 1864-1936.
|t Sirenas y el inquisidor.
|d Santander : Ediciones Universidad de Cantabria, [2022]
|z 9788417888930
|
| 830 |
|
0 |
|a Cantabria 4 estaciones ;
|v 66.
|
| 856 |
4 |
0 |
|3 Digitalia Hispánica
|u https://www.digitaliapublishing.com/a/117382/
|
| 910 |
|
|
|a Premium collection: 2023
|